000
00303nam a22001337a 4500
008
180920b xxu||||| |||| 00| 0 eng d
020
_a
9780471402404
041
_a
eng
080
_a
338
100
_a
53
101
_a
MEN
245
_a
Corporate Event Project Management
_c
O'Toole,W
942
_2
udc
_c
BK
999
_c
48127
_d
48127